000 01112cam a22002174a 4500
005 20250605164139.0
008 250528s ||||||||||||||||||||||||d
035 _a18891
020 _a333492285
040 _aGR-AtMCL
_bgre
_dGR-AtMCL
_eAACR2
245 1 _aCheck Your English / A Four Skill Grammar Practice Book: Student's Book 1
250 _a1st
260 _bMacmillan Publishers,
_c1990
300 _a168
520 _aThis book provides grammar reinforcement for intermediate and upper intermediate students. Personal Information, Information about Nature, Likes and Dislikes and Preferences, Wishes and Requests, Asking for and Giving Directions, Describing Actions, Past Events, Describing People and Things and Places, Comparing, Rules, Permission, Decisions for the Future and Thinking about the Future, Talking about Sensations and Appearances, Obligation, Advice, Describing Something in the Past, Progress and Completion, Duration, Reason and Purpose, Reporting.
700 1 _aBlundell Jon
_95168
700 1 _aMacandrew Richard
_95169
942 _cBK
999 _c4196
_d4196